Thus spoke Zarathustra : a book for all and none /
| المؤلف الرئيسي: | |
|---|---|
| مؤلفون آخرون: | , |
| التنسيق: | كتاب |
| اللغة: | English |
| منشور في: |
Cambridge ; New York :
Cambrige University Press,
2006 [3rd printing 2014]
|
| سلاسل: | Cambridge texts in the history of philosophy
|
| الموضوعات: | |
| الوصول للمادة أونلاين: | Publisher description Table of contents only Contributor biographical information |
| Classic Catalogue: | View this record in Classic Catalogue |
| LEADER | 01947nam a2200445 a 4500 | ||
|---|---|---|---|
| 001 | 30304 | ||
| 003 | BD-DhAAL | ||
| 005 | 20230525135034.0 | ||
| 008 | 151116r20142006enk b 001 0 eng d | ||
| 010 | |a 2006281691 | ||
| 020 | |a 0521841712 (hbk) | ||
| 020 | |a 0521602610 (pbk.) | ||
| 020 | |a 9780521841719 | ||
| 020 | |a 9780521602617 | ||
| 035 | |a (OCoLC)ocm70165200 | ||
| 040 | |a LWU |c LWU |d LWU |d BAKER |d TJC |d IXA |d NLGGC |d ORU |d YDXCP |d OCLCQ |d DLC |d BD-DhAAL | ||
| 041 | 1 | |a eng | |
| 042 | |a lccopycat | ||
| 050 | 0 | 0 | |a B3313.A43 |b E5 2006 |
| 082 | 0 | 0 | |a 193 |2 22 |
| 100 | 1 | |a Nietzsche, Friedrich Wilhelm, |d 1844-1900. |9 3424 | |
| 240 | 1 | 0 | |a Also sprach Zarathustra. |l English |
| 245 | 1 | 0 | |a Thus spoke Zarathustra : |b a book for all and none / |c Friedrich Nietzsche ; edited by Adrian Del Caro, Robert B. Pippin ; translated by Adrian Del Caro. |
| 260 | |a Cambridge ; |a New York : |b Cambrige University Press, |c 2006 [3rd printing 2014] | ||
| 300 | |a xliii, 270 p. ; |c 24 cm. | ||
| 490 | 0 | |a Cambridge texts in the history of philosophy | |
| 504 | |a Includes bibliographical references and index. | ||
| 541 | |e 30304 | ||
| 546 | |a In English, translated from German. | ||
| 650 | 0 | |a Superman (Philosophical concept) |9 3425 | |
| 650 | 0 | |a Philosophy. |9 16215 | |
| 650 | 1 | 7 | |a Filosofie. |2 gtt |9 16216 |
| 700 | 1 | |a Del Caro, Adrian, |d 1952- |9 16217 | |
| 700 | 1 | |a Pippin, Robert B., |d 1948- |9 16218 | |
| 856 | 4 | 2 | |3 Publisher description |u http://www.loc.gov/catdir/enhancements/fy0702/2006281691-d.html |
| 856 | 4 | 1 | |3 Table of contents only |u http://www.loc.gov/catdir/enhancements/fy0702/2006281691-t.html |
| 856 | 4 | 2 | |3 Contributor biographical information |u http://www.loc.gov/catdir/enhancements/fy0733/2006281691-b.html |
| 942 | |2 ddc |c BK | ||
| 999 | |c 36160 |d 36160 | ||
| 952 | |0 0 |1 0 |2 ddc |4 0 |6 193_000000000000000_NIE |7 0 |9 56874 |a BRACUL |b BRACUL |c GEN |d 2015-11-16 |e Karim International |g 1385.00 |l 8 |m 73 |o 193 NIE |p 3010030304 |r 2026-02-24 |s 2025-10-21 |t 1 |w 2015-11-16 |y BK | ||